00821nam a2200229 a 4500001000200000003000900002005001700011008003800028040002500066082002600091100004400117245010400161260004000265300001700305490004300322500000600365650004600371650001500417651004100432700005400473710006400527 DO-SdBNP20210723115908.0110330m1969 dr 001 0cspa d aBPMSU bspac BPMSU  a929.2bL333f 19672221 aLarrazábal Blanco, Carlos,d1894-198910aFamilias dominicanas /cCarlos Larrazábal Blanco ; introducción de Emilio Rodríguez Demorizi. aSanto Domingo :bDel Caribe,c1967- av. ;c22 cm.0 aAcademia Dominicana de la Historiav 2 a  4aFamiliazRepública DominicanaxHistoria 4aParentesco 4aRepública DominicanaxGenealogía aRodríguez Demorizi, Emilio,d1908-1986eintrod.2 aAcademia Dominicana de la Historia (República Dominicana)